Le premier titre de chaque album de Metallica - Statistiques

Statistiques générales
  • Ce quiz a été pris 53 fois
  • Le résultat moyen est 6 sur 12
Statistiques - réponses
Durée Album Titre % Correct
5:13 Master of Puppets Battery
96%
5:32 Metallica (Black Album) Enter Sandman
83%
4:45 Ride The Lightning Fight Fire With Fire
77%
6:43 ...And Justice for All Blackened
74%
4:16 Kill 'Em All Hit The Lights
68%
4:30 Re-Load Fuel
64%
3:12 Hardwired…To Self-Destruct Hardwired
53%
5:51 St.Anger Frantic
49%
7:40 72 Seasons 72 Seasons
47%
7:09 Death Magnetic That Was Just Your Life
26%
2:36 Garage Inc. Free Speech For The Dumb
6%
4:30 Load Until It Sleeps
6%
Aucun quiz correspondant
Distribution des résultats
% des personnes avec chaque résultat
Percentile par nombre de réponses
Votre historique - résultats
Vous n’avez pas pris ce quiz